Formulario práctico de Terapéutica y de Farmacología / (Record no. 72127)

MARC details
000 -LEADER
campo de control de longitud fija 00690nam a2200193 i 4500
001 - NÚMERO DE CONTROL
campo de control 72127
003 - IDENTIFICADOR DE NÚMERO DE CONTROL
campo de control ES-MaACL
005 - FECHA Y HORA DE LA ÚLTIMA TRANSACCIÓN
campo de control 20230906171330.0
007 - CAMPO FIJO DE DESCRIPCIÓN FÍSICA--INFORMACIÓN GENERAL
campo de control de longitud fija t|
008 - DATOS DE LONGITUD FIJA--INFORMACIÓN GENERAL
campo de control de longitud fija 040826s1922 sp ||||1| spa d
100 1# - ENTRADA PRINCIPAL--NOMBRE DE PERSONA
Nombre de persona Gilbert , Augustin.
9 (RLIN) 142271
245 10 - MENCIÓN DEL TÍTULO
Título Formulario práctico de Terapéutica y de Farmacología /
Mención de responsabilidad, etc. por A. Gilbert, Ch. Michel ; traducido y anotado de la vigésimonona edición francesa completamente refundida por Gustavo Reboles Campos.
250 ## - MENCION DE EDICION
Mención de edición 28ª de. española.
260 ## - PUBLICACIÓN, DISTRIBUCIÓN, ETC.
Lugar de publicación, distribución, etc. Madrid :
Nombre del editor, distribuidor, etc. Bailly-Baillière,
Fecha de publicación, distribución, etc. 1922.
300 ## - DESCRIPCIÓN FÍSICA
Extensión 944 p. ;
Dimensiones 15 cm.
700 1# - ENTRADA AGREGADA--NOMBRE PERSONAL
Nombre de persona Michel, Ch.
9 (RLIN) 80890
700 1# - ENTRADA AGREGADA--NOMBRE PERSONAL
Nombre de persona Reboles Campos, Gustavo.
9 (RLIN) 95702
852 ## - LOCALIZACIÓN
Ubicación ES-MaACL
Número de control de estantería E-1241
Holdings
Estatus retirado Estado de pérdida Estado de daño No para préstamo Biblioteca de origen Biblioteca actual Ubicación en estantería Fecha de adquisición Fuente de adquisición Total de préstamos Signatura topográfica completa Código de barras Visto por última vez Precio de reemplazo Tipo de ítem Koha
        Biblioteca del Ateneo de Madrid Biblioteca del Ateneo de Madrid Depósito 2 17/01/2008     E-1241 1075512 23/02/2023 23/02/2023 Libro impreso